01859nam a2200385 i 4500001001000000003000900010005001700019007000300036008004100039020001500080040003000095041000800125082002700133100004200160245009700202250002300299264005900322300004500381336002800426337003400454338003000488500007700518500012300595500013700718500012300855504003900978650006301017650005301080650005701133650005601190651005701246651004101303700005201344710007701396000038678DO-SdBNP20260317110112.0ta090918s1992 dr r 000 0 spa d a9290680032 aDO-SdBNPbspacBNPHUerda aspa 4a331.5447293bL925m2221 aLozano, Wilfredo,d1950-eautor4aut.10aMigración internacional y económica cafetalera /cWilfredo Lozano, Franc Báez Evertsz. aSegunda edición  aSanto Domingo, República Dominicana :bCEPAE,c1992. a254 páginas :bilustraciones ;c21 cm. atextobtxt2rdacontent  asin mediación bn2rdamedia avolumen bnc2rdacarrier  aIncluye datos biográficos de los autores en la contraportada del libro aEstudio sobre la migración estacional de trabajadores haitianos a la cosecha cafetalera en la República Dominicana aIncluye índice de cuadros (p. 241-247), índice de mapas (249-250), índice diagramas (p. 251) e índice de grafícos (p. 253) aEstudio sobre la migración estacional de trabajadores Haitianos a la cosecha cafetalera en la República Dominicana aBibliografías: páginas 225-235 4aAgriculturaxAspectos económicoszRepública Dominicana 4aTrabajadores agrícolaszRepública Dominicana 0aMercado de trabajozRepública Dominicana2LIBRUNAM 4aRecursos humanosxHaitianoszRepública Dominicana 4aRepública DominicanaxEmigración e inmigración 4aHaítixEmigració e inmigración1 aBáez Evertsz, Franc,d 1948-2016eautor4aut.2 aCentro de Planificación y Acción Ecuménica(República Dominicana)